00774nam a22002057a 4500999001900000005001700019010001500036020002700051035001400078037001300092082001100105100002200116245005800138260004000196270010900236300002500345500005000370942002500420952012300445 c166346d16634620190722123721.0 aENG-126025 a9788178442129c1495.00 aEN-109557 bDBAD/PUB a300.72 aGautam, Vidyapati aMethodology of social research /cby Vidyapati Gautam aNew DelhibR.K. Pulblicationsc2018 a4806/24, Bharat Ram Road, Darya GanjbNew Delhie110002k011-23285167, 65185557minfo@kkpublications.com aviii,288p.c25cm(Hb) aIncludes bibliographical references and index 2ddccENh300.72mGAU 001040708NFICaAGbAGd2019-07-22eDBAD/PUBg1495.00l0o300.72 GAUpEN-109557r2019-07-22 00:00:00t1v1495.00yEN